000 00381nam a2200133Ia 4500
008 220217s9999||||xx |||||||||||||| ||und||
020 _a0-07-116168-6
082 _a621.395 BRO
100 _aBrown, Stephen Vranesic, Zvonko
_92045
245 0 _aFundamentals of digital logic with VHDL design
260 _aTata mcgraw hill
_bNew Delhi
_c2000
300 _b0
650 _aVHDL
999 _c167993
_d167993